Cheers Actors - Statistics

General Stats
  • This quiz has been taken 188 times
  • The average score is 7 of 10
Answer Stats
Character Actor % Correct
Sam Malone Ted Danson
96%
Woody Boyd Woody Harrelson
95%
Frasier Crane Kelsey Grammer
85%
Rebecca Howe Kirstie Alley
82%
Diane Chambers Shelley Long
77%
Carla Tortelli Rhea Perlman
70%
Norm Peterson George Wendt
60%
Cliff Clavin John Ratzenberger
57%
Lilith Sternin Bebe Neuwirth
55%
Ernie "Coach" Pantusso Nicholas Colasanto
21%
No matching quizzes found
Score Distribution
Percent of People with Each Score
Percentile by Number Answered
Your Score History
You have not taken this quiz